[Event "British Rapidplay"]
[Site "Peterborough"]
[Date "2024.03.03"]
[Round "7"]
[White "Ganti, Shriaansh"]
[Black "Shankar, Yashwardhan"]
[Result "1-0"]
[WhiteElo "1780"]
[BlackElo "1665"]
[PlyCount "130"]
[EventDate "2024.03.02"]
[EventType "swiss (rapid)"]
[EventRounds "11"]
[EventCountry "ENG"]
[SourceTitle "CB10_2024"]
[SourceDate "2024.03.06"]
[SourceVersion "1"]
[SourceVersionDate "2024.03.06"]
[SourceQuality "1"]

1. e4 c5 2. a3 g6 3. Nf3 d6 4. Nc3 Bg7 5. d4 cxd4 6. Nxd4 Nf6 7. Be3 0-0 8. Be2 Nc6 9. 0-0 Bd7 10. Qd2 a6 11. Kh1 Rc8 12. f4 Bg4 13. Rad1 Bxe2 14. Qxe2 Qc7 15. f5 Ne5 16. fxg6 hxg6 17. Bg5 Qc4 18. Qd2 Nc6 19. Nxc6 bxc6 20. Qe3 Rfd8 21. h3 d5 22. exd5 cxd5 23. Qxe7 Re8 24. Qb4 Qxb4 25. axb4 Ne4 26. Nxe4 dxe4 27. Rd7 f5 28. c3 Re6 29. Re1 Rf8 30. g3 Be5 31. Kg2 Bb8 32. h4 Rb6 33. Be3 Re6 34. Bd4 Rf7 35. Rd5 Re8 36. c4 f4 37. gxf4 Rxf4 38. Rd7 Rg4+ 39. Kf1 Rf8+ 40. Ke2 Rf7 41. Rd8+ Rf8 42. Rxf8+ Kxf8 43. Bf6 Rf4 44. Rf1 Rxf1 45. Kxf1 Kf7 46. Bg5 Ke6 47. Ke2 Be5 48. b3 Bc3 49. Bd2 Bf6 50. Be1 Bd8 51. Ke3 Ke5 52. Bg3+ Kf5 53. c5 Kg4 54. Bd6 Kxh4 55. c6 Bb6+ 56. Kxe4 a5 57. bxa5 Bxa5 58. c7 Bxc7 59. Bxc7 Kg5 60. Kd5 Kf6 61. Kc6 Ke7 62. b4 g5 63. b5 g4 64. b6 g3 65. Bxg3 Ke8 1-0

[Event "British Rapidplay"]
[Site "Peterborough"]
[Date "2024.03.03"]
[Round "9"]
[White "Herring, Tim JC"]
[Black "Shankar, Yashwardhan"]
[Result "0-1"]
[WhiteElo "1740"]
[BlackElo "1665"]
[PlyCount "110"]
[EventDate "2024.03.02"]
[EventType "swiss (rapid)"]
[EventRounds "11"]
[EventCountry "ENG"]
[SourceTitle "CB10_2024"]
[SourceDate "2024.03.06"]
[SourceVersion "1"]
[SourceVersionDate "2024.03.06"]
[SourceQuality "1"]

1. d4 Nf6 2. Bf4 g6 3. Nf3 Bg7 4. e3 0-0 5. Bd3 d6 6. Nbd2 b6 7. c3 Bb7 8. Qc2 Nbd7 9. 0-0 Re8 10. b4 e5 11. Bg5 h6 12. dxe5 dxe5 13. Bxf6 Nxf6 14. e4 Qe7 15. Rfe1 Rad8 16. Rad1 Nh5 17. g3 Rf8 18. Nc4 f5 19. exf5 Bxf3 20. Rd2 gxf5 21. Bxf5 Rxd2 22. Nxd2 Bd5 23. f3 Qg5 24. Bg4 Nf6 25. Bf5 Ne8 26. Bg4 h5 27. h4 Qh6 28. Bd7 Nd6 29. Qd3 Be6 30. Bc6 Nf5 31. Kg2 Qg6 32. Ne4 Nxh4+ 33. Kh2 Nxf3+ 34. Kh1 Nxe1 35. Qe3 Rf1+ 36. Kh2 Qf5 37. Ng5 Rf2+ 38. Kg1 Rf1+ 39. Kh2 Qf2+ 40. Qxf2 Rxf2+ 41. Kg1 Rf6 42. Ne4 Rg6 43. Kf2 Nd3+ 44. Kf3 Bg4+ 45. Ke3 Bf5 46. Kxd3 Rxg3+ 47. Kc4 Bxe4 48. Bxe4 Rg4 49. Kd5 c6+ 50. Kxc6 Rxe4 51. Kb7 h4 52. Kxa7 h3 53. Kxb6 h2 54. Kb5 h1Q 55. c4 Rxc4 0-1